|
|
|
|
| LEADER |
00679cam a2200205 7i4500 |
| 001 |
0000042842 |
| 005 |
20120625090000.0 |
| 020 |
|
|
|a 9781118083727 (pbk.)
|
| 090 |
0 |
0 |
|a HD62.7
|b .T93 2012
|
| 100 |
1 |
|
|a Tyson, Eric
|
| 245 |
1 |
0 |
|a Small business for dummies
|c Eric Tyson and Jim Schell.
|
| 250 |
|
|
|a 4th ed.
|
| 260 |
|
|
|a Hoboken, N.J.:
|b Wiley Pub., Inc.,
|c 2012.
|
| 300 |
|
|
|a xx, 411 p.:
|b ill.;
|c 24 cm.
|
| 490 |
0 |
|
|a For dummies
|
| 650 |
0 |
0 |
|a New business enterprises --
|x Management
|
| 650 |
0 |
0 |
|a Small business --
|x Management
|
| 700 |
1 |
|
|a Schell, Jim
|
| 999 |
|
|
|a 0000054485
|b BOK
|c OPEN SHELF
|e 1st Floor, Bestari Jaya
|
| 999 |
|
|
|a 0000054486
|b BOK
|c OPEN SHELF
|e 1st Floor, Shah Alam
|